| 000 | 01032naa a22003017a 4500 | ||
|---|---|---|---|
| 001 | BR0903485 | ||
| 003 | BR-BrBNA | ||
| 005 | 20240918181937.0 | ||
| 007 | ta | ||
| 008 | 230509b bl.||||| |||| 00| 0 por d | ||
| 040 |
_aBR-BrBNA _bpor _cBiblioteca Nacional de Agricultura |
||
| 072 | _aE16; E13 | ||
| 090 | _aE16 BR0903485 | ||
| 100 | 1 | _aGasquez, J.G. | |
| 100 | 1 | _aBastos, E.R. | |
| 100 | 1 | _aBacchi, M.R.P. | |
| 245 | 1 |
_aProdutividade e fontes de crescimento da agricultura brasileira _bcapítulo 11 |
|
| 260 | 3 |
_aBrasília, DF (Brasil): _c2008. |
|
| 500 | _aPolíticas de incentivo à inovação tecnológica no Brasil Brasília, DF (Brasil): 2008. (BR0903485-AM)E16 | ||
| 650 | _aAGRICULTURA | ||
| 650 | _aCRESCIMENTO ECONÔMICO | ||
| 650 | _aPRODUTIVIDADE | ||
| 650 | _aCRÉDITO RURAL | ||
| 650 | _aMODELO MATEMÁTICO | ||
| 773 | 0 |
_tPolíticas de incentivo à inovação tecnológica no Brasil _wE16 BR0903485 _gBrasília, DF (Brasil), 2008. |
|
| 909 |
_a202404 _bLucia _c55 _dLucia Elande |
||
| 942 |
_cAM _2AGRIS |
||
| 999 |
_c327633 _d327633 |
||